John Barleycorn /
'John Barleycorn' is a deeply personal novel by Jack London. The book tells about London's own struggles and problems with alcohol and alcoholism. It is a touching story of a young, sensitive man, who loses his battle against spirits. London had the feeling that alcohol made him able...
Uloženo v:
| Hlavní autor: | |
|---|---|
| Médium: | E-kniha |
| Jazyk: | Czech |
| Vydáno: |
Praha :
Saga Egmont,
2020
|
| Tagy: |
Žádné tagy |
| LEADER | 01480nam a22002297i 4500 | ||
|---|---|---|---|
| 001 | 312241 | ||
| 007 | ta | ||
| 008 | 260601s2020 xr ||||| |||| 00| 0 cze d | ||
| 020 | |a 9990003948557 | ||
| 044 | |a xr | ||
| 100 | 1 | |a London, Jack |4 aut | |
| 245 | 1 | 0 | |a John Barleycorn / |c London, Jack |
| 264 | 1 | |a Praha : |b Saga Egmont, |c 2020 | |
| 300 | |a 1 online zdroj (90 stran) | ||
| 336 | |a text |b txt |2 rdacontent | ||
| 337 | |a bez média |b n |2 rdamedia | ||
| 338 | |a online zdroj |b cr |2 rdacarrier | ||
| 520 | 2 | |a 'John Barleycorn' is a deeply personal novel by Jack London. The book tells about London's own struggles and problems with alcohol and alcoholism. It is a touching story of a young, sensitive man, who loses his battle against spirits. London had the feeling that alcohol made him able to write the way he did, but at the same time it was one of the reasons why the extremely talented writer died at the age of only 40. The book is an honest overview of an alcoholic mind, in which London confesses that he is against spirits – even though he himself was not strong enough to resist the King alcohol. | |
| 910 | |a RBIT002 | ||
| 998 | |d 394855 |a https://core.palmknihy.cz/api/books/394855/cover?t5x0t8 |b https://core.palmknihy.cz/api/books/394855/cover/400?t5x0t8 |c https://core.palmknihy.cz/api/books/394855/cover/50?t5x0t8 |e |g 90 |i 9990003948557 |j https://core.palmknihy.cz/api/books/394855/preview.epub |l |q 49 |r 1 |s https://www.palmknihy.cz/kniha/394855 |t ebook |y 2020 |z 1 | ||
| 999 | |d 312239 | ||